Henrique, o Terrível, Fica Rico (Registo nº 4715)
[ vista simples ]
| 000 -Etiqueta do registo | |
|---|---|
| Cabeçalho | 01061nam a2200253 4500 |
| 010 ## - Número internacional normalizado dos livros (ISBN) | |
| Número (ISBN) | 9789895575190 |
| 100 ## - Dados gerais de processamento | |
| Dados gerais de processamento | 20260225d19982008u||y0pory50 ba |
| 101 ## - Língua de publicação | |
| Língua do texto, banda sonora, etc. | Português |
| Língua do documento no original | Inglês |
| 102 ## - Pais de publicação ou produção | |
| País de publicação | Reino Unido |
| 200 ## - Titulo e menção de responsabilidade | |
| Título próprio | Henrique, o Terrível, Fica Rico |
| Primeira menção de responsabilidade | Francesca Simon |
| Outras menções de responsabilidade | trad. Gabriela Silva |
| -- | il. Tony Ross |
| 205 ## - Menção da edição | |
| Menção da edição | 1ª |
| 210 ## - Publicação, Distribuição, etc. | |
| Lugar da edição, distribuição, etc. | Vila Nova de Gaia |
| Nome do editor, distribuidor, etc. | Gailivro |
| Data da publicação, distribuição, etc. | 2008 |
| 215 ## - Descrição física | |
| Indicação específica da natureza do documento e extensão da espécie | 91, [4] p |
| 330 ## - Sumário ou Resumo | |
| Texto da nota | Quatro pequenas histórias com novas aventuras de Henrique, o Terrível. Henrique foge de casa... participa nas atividades escolares comemorativas de mais um Dia do Desporto... fica rico… e passa um Natal diferente na companhia do primo Estevão Esperto com quem disputa as melhores prendas. Será que Henrique vai receber o que mais pediu ao Pai Natal? Estes são os ingredientes perfeitos para mais um livro a não perder! |
| 510 ## - Título paralelo | |
| Título paralelo | Horrid Henry gets rich quick |
| 675 ## - Classificação Decimal Universal (CDU) | |
| Edição | 3ª ed. |
| Língua da edição | por |
| Notação | 821.111 |
| 700 ## - Nome de autor-pessoa física (responsabilidade principal) | |
| Palavra de ordem | Simon |
| Outra parte do nome não tomada para palavra de ordem | Francesca |
| 942 ## - Elementos de entrada adicionados (Koha) | |
| Tipo de item no Koha | Livro |
| 990 ## - Elementos KOHA | |
| Koha item type | Livro |
| Suppress in OPAC | Escondido |
| 994 ## - Estado da catalogação | |
| Situação | PARA CORRIGIR |
| Situação do levantamento | Nº de registo manual | Origin of item (home branch) (coded) | Biblioteca de empréstimo | Lending or holding organisation (holding branch) code | Código de barras | Cota | Circulation type (not for loan) | Tipo de documento | Damaged status |
|---|---|---|---|---|---|---|---|---|---|
| 20456 | Biblioteca Escolar da Coca Maravilhas | Biblioteca Escolar da Coca Maravilhas | Biblioteca Escolar da Coca Maravilhas | BECM20456 | 8 AM SIM | Livro |
